Vocabulaire d' Anglais: Seconde Guerre Mondiale. - Statistiques

Statistiques générales
  • Ce quiz a été pris 57 fois
  • Le résultat moyen est 23 sur 42
Statistiques - réponses
Terme. Traduction. % Correct
Courage. Courage.
84%
Peace. Paix.
81%
To conquer. Conquérir.
78%
To liberate. Libérer.
76%
La Guerre. War.
76%
A weapon. Arme.
73%
A defeat. Défaite.
73%
An army. Armée.
70%
La Normandie. Normandy.
70%
A Beach. Plage.
70%
To remember. Se souvenir.
70%
The Allies. Alliés.
68%
Un soldat. Soldier.
68%
A veteran. Vétéran.
68%
La Liberté. Freedom.
65%
An attack. Attaque.
62%
A battle. Bataille.
62%
Bravery. Bravoure.
62%
Une victoire. Victory.
62%
Aider. To help.
59%
Sacrifice Sacrifice.
57%
Un assaut. Assault.
54%
A Code Name Nom de code.
54%
Combattre. To fight.
54%
A tank. Char.
51%
La côte. Coast.
51%
Des troupes. Troops.
51%
Un ennemi. Enemy.
49%
L' Équipement. Equipment.
43%
A Warship. Navire de Guerre.
43%
Envahir. To invade.
43%
L' Europe de l' Ouest. Western Europe.
43%
L' Axe. The Axis.
41%
To drop bombs. Bombarder.
38%
To land. Débarquer.
38%
The English Channel. Manche.
38%
Un avion de guerre. Warplane.
38%
A paratrooper. Parachutiste.
32%
Un port. Harbour.
30%
Un débarquement. Landing.
27%
Honorer. To honour.
27%
Un souvenir. Remembrance.
8%
Aucun quiz correspondant
Distribution des résultats
% des personnes avec chaque résultat
Percentile par nombre de réponses
Votre historique - résultats
Vous n’avez pas pris ce quiz